1. A Game of Plots - A Song of Ice and Fire chapters - Statistics

General Stats
  • This quiz has been taken 7 times
  • The average score is 40 of 73
Answer Stats
Chapter Question Answer % Correct
Catelyn II As Ned prepares to head south, a heated debate arises over the future of Jon Snow, who Catelyn hates believing him to be the bastard son of her husband and ______ _____. Ashara Dayne
100%
Jon I After storming away from the feast, Jon Snow bumps into the King's brother-in-law Tyrion Lannister, who advises him that, "All dwarfs are ________ in their fathers' eyes." Bastards
100%
Bran I According to Ned Stark, the only time a man can be _____ is when he is afraid. Brave
100%
Daenerys III Starting to embrace life in Drogo's khalassar and exercising some agency for the first time in her life, Dany has her handmaid ______ teach her some techniques to excite Khal Drogo when they have sex. Doreah
100%
Eddard VI Ned visits an armourer with whom Jon Arryn met shortly before his death, and discovers the armourer's apprentice named ______ is a bastard son of King Robert. Gendry
100%
Jon VI As Jon and Sam say their Night's Watch vows in front of a weirwood tree just beyond the wall, _____ appears with a human hand in his mouth. Ghost
100%
Catelyn I Catelyn informs Ned of the death of his foster father and Hand of the King, Lord ___ _____ Jon Arryn
100%
Catelyn IV Petyr "Littlefinger" Baelish reveals he previously owned the Valyrian Steel dagger with which Bran's would-be assassin was armed, but lost it in a bet to Tyrion Lannister when Jaime Lannister lost a joust to Ser _____ ______ Loras Tyrell
100%
Bran II Jaime Lannister's self-loathing quip as he defenestrates Bran, "The things I do for ____." Love
100%
Eddard I King Robert Baratheon offers Ned the newly vacant position of Hand of the King as well as a marriage alliance between Ned's daughter and the Crown Prince while the two men pay their respects at the tomb of Ned's sister, ______ _____. Lyanna Stark
100%
Sansa I During a leisurely stroll with her betrothed Prince Joffrey, Sansa is embarrassed to happen upon her sister Arya playing with wooden swords with a butcher's boy named _____. Mycah
100%
Jon II Saying his farewells around Winterfell, Jon bestows the gift of a small Braavosi-style sword he has jokingly named ______. Needle
100%
Jon IV Sam Tarly, a newly arrived highborn volunteer who seems hopelessly unsuitable for the Night's Watch, reveals he was forced into joining by his father Lord _______ who would otherwise murder him. Randyll
100%
Tyrion IV Tyrion realises he has been outwitted by Catelyn Stark when he realises she is taking him to ___ _____. The Eyrie
100%
Bran V While out riding with his new saddle, Bran is ambushed by a group of outlaws, one of whom holds a knife to Bran's throat but is killed by _____ _______ who shoots him from behind with an arrow. Theon Greyjoy
100%
Daenerys II Illyrio Mopatis tells Dany, "A Dothraki wedding without at least _____ ______ is considered dull!" Three deaths
100%
Eddard X In a painkiller-induced fever dream, Ned relives his legendary showdown at the _____ __ ___ with three knights of the Kingsguard. Tower of Joy
100%
Eddard XII After Ned confronts her with the truth of her children's parentage, Cersei criticises Ned's naivety by saying, "When you play the game of thrones, ___ ___ __ ___ ___." You win or you die
100%
Eddard XI Reinstated as Hand, and acting with the King's authority during his absence, Ned orders Lord _____ __________ to assemble a force and arrest Ser Gregor Clegane for breaching the King's Peace. Beric Dondarrion
75%
Eddard III At the insistence of Queen Cersei, Sansa's direwolf Lady is sentenced to death in lieu of the vanished Nymeria, a task Ned performs himself claiming a creature of the North deserves better than a _______. Butcher
75%
Jon V Realising Sam Tarly will likely be killed without Jon and his friends' protection during training, Jon convinces Maester Aemon to take Sam into his service as unlike _____, Sam can read and write, and will be far more useful. Chett
75%
Eddard XIII As King Robert is slowly dying as a result of a mortal wound from a boar, Ned seeks to protect himself by bribing the ____ _____ to support his endorsement of Stannis as Robert's heir. City Watch (Gold Cloaks)
75%
Bran IV Tyrion's reappearance at Winterfell is met with hostility until he presents a design for a saddle which will enable the paralysed Bran to ride again. When Robb asks why Tyrion did this, he responds he has a soft spot for ________, ________, ___ ______ ______. Cripples, bastards and broken things
75%
Sansa III Distraught her father plans to send her back to Winterfell, Sansa pleads she wants to marry Joffrey and give him a son with beautiful ______ ____, before exclaiming the Prince is nothing like his father. Golden Hair
75%
Tyrion I Suspicious of his siblings' reactions to Bran Stark's fall, Tyrion jibes at Cersei and Jaime, leading the latter to question Tyrion's loyalty to which the dwarf reassures him how much he loves ___ ______. His family
75%
Sansa IV Sansa is placed under house arrest during the events following King Robert's death, initially alongside her friend _____ _____, who is later sent off into Littlefinger's employ. Jeyne Poole
75%
Catelyn V Sheltering at the Inn of the Crossroads on their way back to Winterfell, Cat and Ser Rodrik have unwanted attention drawn to them when they are accosted by the singer _________. Marillion
75%
Arya IV Arya's training session with Syrio Forel is interrupted by Ser ______ _____ who claims he was sent by Ned to collect the Hand's daughter, which Syrio doesn't believe, telling Arya to run and sacrificing himself. Merryn Trant
75%
Eddard XIV Ned convenes the Small Council after receiving news of the King's passing, and is disquieted to learn one of its members, Lord _____ _________, has fled the city with Ser Loras and 50 retainers. Renly Baratheon
75%
Eddard VII The jousting tournament is won by ______ ________ due to his valour in protecting Ser Loras Tyrell from the wrath of Ser Gregor Clegane whom the Knight of Flowers had just unhorsed. Sandor Clegane
75%
Daenerys I Exiled prince Viserys Targaryen forces his sister Daenerys into a marriage alliance with Khal Drogo in exchange for command of an army of 10,000 Dothraki "________" Screamers
75%
Eddard V Questioning Grandmaester Pycelle about Jon Arryn's final moments, Ned learns the former hand's last words were, "___ ____ __ ______." The seed is strong
75%
Arya III Becoming lost in the dungeons of the Red Keep, Arya overhears a secret conversation between _____ and _______ although she does not realise their identities. Varys and Illyrio
75%
Prologue (Will) Will, a ranger of the Night's Watch, witnesses his commander, Ser ______ _____ slain by the Others. Weymar Royce
75%
Tyrion II When asked by Jon why he reads so much, Tyrion says, "A mind needs books like a sword needs a _________." Whetstone
75%
Eddard II Under pressure from King Robert, Ned reveals the woman with whom he claims to have fathered Jon Snow is called _____. Wylla
75%
Sansa V During King Joffrey's first session in court, Ser _________ _____ storms out after being dismissed from the Kingsguard. Barristan Selmy
50%
Catelyn VI With half their party killed as a result of attacks from Mountain Clansmen, Cat is relieved to arrive at the ______ ____ and the safety of her sister's guards. Bloody Gate
50%
Jon III Struggling to fit in with life at the Wall, Jon is given some much needed advice from _____ ____, who tells Jon he is behaving like a bully. Donal Noye
50%
Sansa II Sansa witnesses a frightful scene when the recently knighted former squire to Jon Arryn, Ser ____ __ ___ ____, is killed right in front of her after a joust against Gregor Clegane in which he is impaled on his opponent's lance. Hugh of the Vale
50%
Arya I Arya Stark runs out on her __________ session to observe the boys practice swordplay in the yard, bitter over her exclusion due to her gender. Needlework
50%
Tyrion V Denying the charge of Bran's attempted murder, and the new additional accusation from Lysa Arryn of murdering her late husband Jon, Tyrion is imprisoned in the ___ _____ which slope towards a sheer drop. Sky cells
50%
Catelyn VII Tyrion wins his trial by combat when his champion Bronn defeats Lysa's champion Ser ______ ____. Vardis Egen
50%
Daenerys VI Dany is saved by Ser Jorah Mormont when a wine seller offers her a poisoned cask of _____ ___ wine from Westeros. Arbor Red
25%
Tyrion III While dining with the high ranking officers of the Night's Watch, Tyrion is rendered speechless by Maester Aemon's description of him as a _____among them at the edge of the world. Giant
25%
Bran VI Bran watches Robb treat with House Stark's bannermen, including an alarming incident during which Grey Wind bit two fingers off ________ _____, who had born his steel against Robb in Winterfell's Great Hall. Greatjon Umber
25%
Jon IX In response to the increasing amount of strange events and disappearances, Lord Commander Mormont announces he will lead a _____ _______ beyond the Wall. Great ranging
25%
Catelyn IX Cat negotiates with Lord Walder Frey of the Twins on Robb's behalf, coming to a deal that will allow the northern army to pass the bridge over the _____ ____. Green Fork
25%
Sansa VI Traumatised by witnessing her father's beheading, Sansa has recurring nightmares of executioner Ser ____ _____ coming for her instead. Ilyn Payne
25%
Tyrion VII Tyrion meets his father at the ___ __ ___ __________, where Lord Tywin and his brother Ser Kevan are making battle plans for the Lannister army. Inn at the Crossroads
25%
Catelyn XI Unwilling to swear fealty to King Joffrey who just executed Ned Stark and impressed with Robb's courage and ability, the noble lords of the North pronounce Robb ____ __ ___ _____! King in the North
25%
Catelyn III A fire is deliberately started in the Winterfell _______ to provide a distraction to an ultimately failed attempt to assassinate a comatose Bran. Library
25%
Jon VIII As a reward for saving Lord Commander Mormont's life, Jon is presented the Valyrian Steel sword ________ with the pommel altered from the bear of House Mormont to a direwolf for Jon's connection to the Starks. Longclaw
25%
Daenerys VII Dany intervenes to stop Drogo's warriors raping women in a town the khalasar just captured, including _____ ___ ____ who Dany later asks to help heal a wound Drogo received in the fighting. Mirri Maz Duur
25%
Catelyn VII Cat reunites with her son Robb as she comes across him leading the Stark army as it assembles at ____ ______. Moat Cailin
25%
Arya V Arya has been living undetected on the streets of King's Landing, surviving by hunting _______, finding it comparatively easy to catching cats. Pigeons
25%
Tyrion VIII After learning he and his clansmen are to be placed in the vanguard, Tyrion fears he will be killed having never fought in a battle before. Bronn brings Tyrion a sex worker named ____ to give him some solace. Shae
25%
Eddard IV During his first Small Council meeting in King's Landing, Ned is shocked to learn the Crown is over ___ _______ gold pieces in debt. Six million
25%
Tyrion VI Forced to take the High Road following his release, Tyrion decides to negotiate with the _____ _____ mountain clan so that he and Bronn can make their way through the Vale safely. Storm Crows
25%
Daenerys V A feast celebrating a prophecy for Dany and Drogo's unborn child is interrupted by a drunk Viserys demanding the crown he paid for. Drogo promises a, "Splendid golden crown men shall _______ __ ______." Tremble to behold
25%
Arya II In attempt to cheer her up and rein in her rebellious behaviour, Ned hires Syrio Forel to teach Arya swordplay. Syrio describes himself as Arya's dancing master and says he will teach her the swift and sudden _____ _____ of Braavosi knights. Water dance
25%
Catelyn X Cat waits nervously to see whether Robb's plan to ambush Ser Jaime Lannister in the __________ ____ has been successful, learning with relief that it has. Whispering Wood
25%
Tyrion IX When Tyrion asks why his father is sending him to King's Landing to act on his behalf as Hand of the King, Tywin replies, "Because ___ ___ __ ___," the approval Tyrion has wanted to hear his whole life. You are my son
25%
Daenerys IV Dany attempts a peace offering by inviting Viserys to sup with her and presenting him gifts, but this only angers him. When he grabs her, Dany shocks him (and herself) by hitting him with a ____ across his face. Belt
0%
Daenerys IX Waking to find Drogo alive but comatose, Dany asks Mirri when Drogo will be normal again, and Mirri replies with numerous metaphors including, "When mountains ____ __ ___ ____ ____ ______." Blow in the wind like leaves
0%
Eddard VIII Having resigned as Hand in protest at the King's plot to assassinate Daenerys, Ned prepares to leave King's Landing when Littlefinger arrives to tell Ned he can take him to the _______ his men have been looking for. Brothel
0%
Daenerys X Dany arranges a great funeral pyre for Drogo also using it to execute Mirri and places her three ______ ____ alongside Drogo's body before walking into the pyre herself in an apparent moment of madness... Dragon eggs
0%
Jon VII Having discovered the frozen bodies of two men from Benjen Stark's missing ranging party just beyond the wall, Jon thinks quickly to burn the now reanimated body of _____ apparently on its way to kill Jeor Mormont. Othor
0%
Eddard IX After discovering another of King Robert's bastards, Ned wonders if _______ _________ frequented brothels, but somehow thinks not. Rhaegar Targaryen
0%
Bran III In his coma dream, Bran sees visions of far-flung places of the world, including dragons stirring in the ______ _____. Shadow Lands
0%
Bran VII Bran has a premonition of his father's death in a dream where he is led into the crypts of Winterfell by the _____ ____ ____ and talks to Ned, who is sad about Jon. Three eyed crow
0%
Eddard XV Having been imprisoned in the Black Cells and spending most of the time alone, Ned vividly remembers the _______ __ _________ when he was 18, and the moment Rhaegar pronounced Lyanna Queen of Love and Beauty. Tourney of Harrenhal
0%
Daenerys VIII Dany begs Mirri to save Drogo, who is dying from his wound becoming infected. The maegi starts a dark blood magic ritual, chanting and singing in a way described as _________ while shadows dance around the tent. Ululating
0%
No matching quizzes found
Score Distribution
Percent of People with Each Score
Percentile by Number Answered
Your Score History
You have not taken this quiz